000 00291nam a22001337a 4500
008 180922b xxu||||| |||| 00| 0 eng d
020 _a9780073402321
041 _aeng
080 _25th
_a610
100 _a4
101 _aSHM
245 _aMedical Assisting
_cBooth, K.A
942 _2udc
_cBK
999 _c48269
_d48269